000 01344nam a22003497a 4500
003 CHAP
005 20220329143144.0
008 060905d2006 mx r 00110 spa d
010 _a92634
011 _a93606
035 _a104186
040 _cCHAP
090 _aTesis
100 1 _aVelasco Castillo, Ismael.
_9118379
245 1 0 _aDetección molecular de virus de DNA y RNA asociados al cultivo de tomate de cáscara (Physalis ixocarpa Brot. ) en plántulas obtenidas in vitro
_c/por Ismael Velasco Castillo
260 _aChapingo, Méx. :
_bEl autor,
_c2006.
300 _a4 h. :
_bgráfs.; cuadros.
502 _aTesis (M.C. en Protección Vegetal) - - UACH. Departamento de Parasitología Agrícola
590 _aALEPH
_b10
_c20130110
_lUCH01
_h1513
590 _aBATCH-UPD
_b10
_c20130110
_lUCH01
_h0455
590 _aBATCH-UPD
_b10
_c20130410
_lUCH01
_h0132
590 _aBATCH-UPD
_b10
_c20130914
_lUCH01
_h2049
590 _aCONVERSION
_b10
_c20130109
_lUCH01
_h1351
650 1 4 _aTomate verde
_xFisiología y morfología.
_9113815
650 1 4 _aTomate verde
_xGenética.
_9113816
650 1 4 _aTomate verde
_xPlántulas.
_9113828
901 _aBK
905 _aElisama A. H.
942 _cFOLL
949 _aTesis
_bBC
_cTES
_d00000000104186
_eTS1
_h45426
_i104186
_sb
949 _aTesis
_bBC
_cTES
_d33724000989893
_eTS2
_fc.2
_h45427
_i104186
_sb
999 _c92634
_d92634